ბათუმის შოთა რუსთაველის სახელმწიფო უნივერსიტეტის ბიბლიოთეკა

ქართული ენის განმარტებითი ლექსიკონი. ტ . 4 : ვ, ზ, თ, ი, კ, ლ / (ბიბ.ჩანაწერი № 52929)

000 -ლიდერი
ფიქსირებული სიგრძის საკონტროლო ველი 01344nam a2200229Ia 4500
001 - საკონტროლო ნომერი
საკონტროლო ველი 19959
003 - საკონტროლო ნომრის იდენტიფიკატორი
საკონტროლო ველი GE_BSU
005 - ბოლო ოპერაციის თარიღი და დრო
საკონტროლო ველი 20190625195818.0
008 - ფიქსირებული სიგრძის მონაცემთა ელემენტები - ზოგადი ინფორმაცია
ფიქსირებული სიგრძის საკონტროლო ველი 181216s1955|||| |||||||||||||| ||geo||
041 ## - ენის კოდი
Language code of text/sound track or separate title geo
080 ## - უნივერსალური ათობითი კლასიფიკაციის ინდექსი
Universal Decimal Classification number 81'374.3=353.1 ქ-27
245 ## - ცნობა სათაურის შესახებ
Title ქართული ენის განმარტებითი ლექსიკონი. ტ . 4 : ვ, ზ, თ, ი, კ, ლ /
Statement of responsibility, etc მთ. რედ : გ. ახვლედიანი ; [და სხვ.]. ტომის რედ : არნ. ჩიქობავ ; მიხ. ჭაბაშვილი.
264 ## - წარმოების, გამოცემის, დისტრიბუციის და სხვა ცნობები
გამოცემის, წარმოების, დისტრიბუციის... ადგილი თბილისი :
გამოცემის, წარმოების, დისტრიბუციის... სახელწოდება საქ. სსრ მეცნ. აკად. გამ-ბა,
გამოცემის, წარმოების, დისტრიბუციის... თარიღი 1953.
300 ## - ფიზიკური აღწერა
Extent 1600 გვ.:
Dimensions 28 სმ.
546 ## - LANGUAGE NOTE
Language note პარალ. თავფურ. რუს. ენ.
653 ## - INDEX TERM--UNCONTROLLED
Uncontrolled term ქართული ენა
653 ## - INDEX TERM--UNCONTROLLED
Uncontrolled term ქართული ენის განმარტებითი ლექსიკონი
700 ## - ADDED ENTRY--PERSONAL NAME
Personal name ახვლედიანი, გ [და სხვ.]
Relator term მთავარი რედაქცია
9 (RLIN) 2910
700 ## - ADDED ENTRY--PERSONAL NAME
Personal name ჩიქობავა, არნოლდ
Relator term ტომის რედაქტორი
9 (RLIN) 1234
700 ## - ADDED ENTRY--PERSONAL NAME
Personal name ჭაბაშვილი, მიხ
Relator term ტომის რედაქტორი
9 (RLIN) 2914
942 ## - ADDED ENTRY ELEMENTS (KOHA)
Koha item type წიგნი
Source of classification or shelving scheme
ეგზემპლარები
ჩამოწერის სტატუსი დაკარგული ეგზემპლარის სტატუსი კლასიფიკაციის წყარო ან თაროზე გაწყობის სქემა დაზიანების სტატუსი არ გაიცემა მუდმივი მდებარეობა (დაცვის ადგილი) ამჟამინდელი ადგილსამყოფელი თაროზე განთავსების ადგილი შეძენის თარიღი ღირებულება, შესყიდვის ნორმალური ფასი სრული შენახვის შიფრი შტრიხკოდი ბოლო ოპერაციის თარიღი ეგზემპლარის მიმდევრობითი ნომერი (კეტერი?) ფასის ძალაში შესვლის თარიღი ეგზემპლარის სახეობა საჯარო შენიშვნა
          ბათუმის შოთა რუსთაველის სახელმწიფო უნივერსიტეტის მთავარი ბიბლიოთეკა ბათუმის შოთა რუსთაველის სახელმწიფო უნივერსიტეტის მთავარი ბიბლიოთეკა წიგნსაცავი 2018-12-17 6.00 81'374.3=353.1 ქ-27 52547 2018-12-17 52547 2018-12-17 წიგნი 6 ლ.
          ბათუმის შოთა რუსთაველის სახელმწიფო უნივერსიტეტის მთავარი ბიბლიოთეკა ბათუმის შოთა რუსთაველის სახელმწიფო უნივერსიტეტის მთავარი ბიბლიოთეკა წიგნსაცავი 2018-12-17 6.00 81'374.3=353.1 ქ-27 52548 2018-12-17 52548 2018-12-17 წიგნი 6 ლ.
          ბათუმის შოთა რუსთაველის სახელმწიფო უნივერსიტეტის მთავარი ბიბლიოთეკა ბათუმის შოთა რუსთაველის სახელმწიფო უნივერსიტეტის მთავარი ბიბლიოთეკა წიგნსაცავი 2019-06-25 6.00 81'374.3=353.1 ქ-27 29172 2019-06-25 29172 2019-06-25 წიგნი 6 ლ.